000 01409nam0a22002771 4500
001 rc\3401851
005 20250609235507.0
021 _aRU
_b[75-6949]
035 _a(NLR Aleph) 007573887
090 _a5434785
_c5434785
100 _a20130115d1974 |||y0rusy50 ca
101 0 _arus
102 _aRU
105 _ay z |||||
200 1 _aРентгенологическое исследование контрастированной гортани (ларингография)
_eМетод. рекомендации
_fСост. д-р мед. наук Р.М. Рабинович
_gМ-во здравоохранения СССР. Гл. упр. лечебно-профилакт. помощи. Центр. науч.-исслед. рентгенорадиол. ин-т
210 _aЛенинград
_cБ. и.
_d1974
215 _a26 с.
_d20
532 1 3 _aРентгенологическое исследование контрастированной гортани ларингография
606 _aГортань
_xИсследование рентгенологическое
_2psbo
702 1 _4220
_7ca
_8rus
_aРабинович
_bР. М.
_cд-р мед. наук, рентгенология
_gРевекка Марковна
_9225041
_3RU\NLR\AUTH\770225097
801 0 _aRU
_bNLR
_gpsbo
801 1 _aRU
_bELAR
_2rusmarc
852 _aNLR
_j74-4/36068
942 _cBOOK
980 _aNB